MARC details
| 000 -CABECERA |
| campo de control de longitud fija |
01386nam a2200277 a 4500 |
| 003 - IDENTIFICADOR DEL NÚMERO DE CONTROL |
| campo de control |
MX-MxUPN |
| 005 - FECHA Y HORA DE LA ÚLTIMA TRANSACCIÓN |
| campo de control |
20250114155026.0 |
| 008 - ELEMENTOS DE LONGITUD FIJA--INFORMACIÓN GENERAL |
| campo de control de longitud fija |
991125s1907 mx a br 000 0 spa d |
| 035 ## - NÚMERO DE CONTROL DEL SISTEMA |
| Número de control de sistema |
UPN01000008607 |
| 040 ## - FUENTE DE LA CATALOGACIÓN |
| Centro catalogador/agencia de origen |
MX-MxUPN |
| Lengua de catalogación |
spa |
| Centro/agencia transcriptor |
MX-MxUPN |
| 041 ## - CÓDIGO DE IDIOMA |
| Código de lengua del texto/banda sonora o título independiente |
spa |
| 050 #4 - SIGNATURA TOPOGRÁFICA DE LA BIBLIOTECA DEL CONGRESO |
| Número de clasificación |
LB1589 M6.2 |
| Número de documento/Ítem |
A54 1907 |
| 100 1# - ASIENTO PRINCIPAL--NOMBRE PERSONAL |
| Nombre de persona |
Anízar, Sabino |
| 9 (RLIN) |
31157 |
| 245 10 - MENCIÓN DE TÍTULO |
| Título |
Colección de problemas y ejercicios de aritmética : |
| Resto del título |
divertidos é instructivos con cuestiones sobre economía doméstica, comercio, geografía, estadística, historia, astronomía, física, geometría, etc., seguida de una clave de soluciones para uso del profesor : segunda parte |
| 250 ## - MENCIÓN DE EDICIÓN |
| Mención de edición |
Segunda edición |
| Resto de la mención de edición |
completamente reformada |
| 260 ## - PUBLICACIÓN, DISTRIBUCIÓN, ETC. |
| Lugar de publicación, distribución, etc. |
México ; |
| -- |
París : |
| Nombre del editor, distribuidor, etc. |
Librería de la Vda. de C. Bouret, |
| Fecha de publicación, distribución, etc. |
1907. |
| 300 ## - DESCRIPCIÓN FÍSICA |
| Extensión |
156 páginas : |
| Otras características físicas |
ilustraciones |
| 500 ## - NOTA GENERAL |
| Nota general |
"Obra escrita con el objeto de contribuir el desarrollo intelectual de los educandos, y como suplemento de la aritmética elemental del mismo autor" |
| 500 ## - NOTA GENERAL |
| Nota general |
"Impresa por acuedo del C. Presidente de la República y declarada de texto para las Escuelas Nacionales" |
| 650 #4 - ASIENTO SECUNDARIO DE MATERIA - TERMINO TEMATICO |
| Término de materia o nombre geográfico como elemento de entrada |
Aritmética |
| Subdivisión general |
Estudio y enseñanza (Elemental) |
| 9 (RLIN) |
5289 |
| 650 #4 - ASIENTO SECUNDARIO DE MATERIA - TERMINO TEMATICO |
| Término de materia o nombre geográfico como elemento de entrada |
Aritmética |
| 9 (RLIN) |
44734 |
| Subdivisión de forma |
Libros de texto |
| 700 1# - ASIENTO SECUNDARIO--NOMBRE DE PERSONAL |
| 9 (RLIN) |
51917 |
| Nombre de persona |
Terrones Benítez, Alfonso, |
| Fechas asociadas al nombre |
1902-1981 |
| Término indicativo de función/relación |
propietario anterior |
| 902 ## - ELEMENTOS DE DATOS B LOCAL, LDB (RLIN) |
| Modificó |
MaríaRobles/130524 |
| 905 ## - TIPO DE MATERIAL |
| Tipo de material |
Libro |
| 942 ## - ELEMENTOS DE PUNTO DE ACCESO ADICIONAL (KOHA) |
| Fuente del sistema de clasificación o colocación |
Library of Congress Classification |
| Tipo de ítem Koha |
Libro |
| Suprimir en OPAC |
No |